<?xml version="1.0" encoding="UTF-8"?>
<record
    xmlns:xsi="http://www.w3.org/2001/XMLSchema-instance"
    xsi:schemaLocation="http://www.loc.gov/MARC21/slim http://www.loc.gov/standards/marcxml/schema/MARC21slim.xsd"
    xmlns="http://www.loc.gov/MARC21/slim">

  <leader>00382nam a2200145Ia 4500</leader>
  <controlfield tag="008">230519s9999    xx            000 0 und d</controlfield>
  <datafield tag="020" ind1=" " ind2=" ">
    <subfield code="a">978-81-7739-428-3</subfield>
  </datafield>
  <datafield tag="041" ind1=" " ind2=" ">
    <subfield code="a">eng</subfield>
  </datafield>
  <datafield tag="082" ind1=" " ind2=" ">
    <subfield code="a">C/004/SOO/DB0640</subfield>
  </datafield>
  <datafield tag="100" ind1=" " ind2=" ">
    <subfield code="a">Sood Ranju</subfield>
    <subfield code="9">180026</subfield>
  </datafield>
  <datafield tag="245" ind1=" " ind2=" ">
    <subfield code="a">Computer for Nurses</subfield>
  </datafield>
  <datafield tag="260" ind1=" " ind2=" ">
    <subfield code="b">Avichal Publishiing Company</subfield>
    <subfield code="a">New Delhi</subfield>
    <subfield code="c">2017</subfield>
  </datafield>
  <datafield tag="300" ind1=" " ind2=" ">
    <subfield code="a">152p</subfield>
  </datafield>
  <datafield tag="999" ind1=" " ind2=" ">
    <subfield code="c">159345</subfield>
    <subfield code="d">159345</subfield>
  </datafield>
  <datafield tag="952" ind1=" " ind2=" ">
    <subfield code="0">0</subfield>
    <subfield code="1">0</subfield>
    <subfield code="4">0</subfield>
    <subfield code="7">0</subfield>
    <subfield code="8">C</subfield>
    <subfield code="a">BTIN</subfield>
    <subfield code="b">BTIN</subfield>
    <subfield code="d">2017-10-30</subfield>
    <subfield code="g">195.00</subfield>
    <subfield code="i">896</subfield>
    <subfield code="l">0</subfield>
    <subfield code="o">C 004 SOO DB0640</subfield>
    <subfield code="p">BTIN-DB-640</subfield>
    <subfield code="r">2023-05-19 00:00:00</subfield>
    <subfield code="w">2017-10-13</subfield>
    <subfield code="y">DB</subfield>
    <subfield code="z">DB0640</subfield>
  </datafield>
  <datafield tag="952" ind1=" " ind2=" ">
    <subfield code="0">0</subfield>
    <subfield code="1">0</subfield>
    <subfield code="4">0</subfield>
    <subfield code="7">0</subfield>
    <subfield code="8">C</subfield>
    <subfield code="a">BTIN</subfield>
    <subfield code="b">BTIN</subfield>
    <subfield code="d">2018-08-29</subfield>
    <subfield code="g">225.00</subfield>
    <subfield code="i">896</subfield>
    <subfield code="l">0</subfield>
    <subfield code="o">C 004 SOO DB0741</subfield>
    <subfield code="p">BTIN-DB-741</subfield>
    <subfield code="r">2023-05-19 00:00:00</subfield>
    <subfield code="w">2017-10-13</subfield>
    <subfield code="y">DB</subfield>
    <subfield code="z">DB0741</subfield>
  </datafield>
  <datafield tag="952" ind1=" " ind2=" ">
    <subfield code="0">0</subfield>
    <subfield code="1">0</subfield>
    <subfield code="4">0</subfield>
    <subfield code="7">0</subfield>
    <subfield code="8">C</subfield>
    <subfield code="a">BTIN</subfield>
    <subfield code="b">BTIN</subfield>
    <subfield code="d">2019-06-15</subfield>
    <subfield code="g">225.00</subfield>
    <subfield code="i">896</subfield>
    <subfield code="l">0</subfield>
    <subfield code="o">C 004 SOO DB0784</subfield>
    <subfield code="p">BTIN-DB-784</subfield>
    <subfield code="r">2023-05-19 00:00:00</subfield>
    <subfield code="w">2017-10-13</subfield>
    <subfield code="y">DB</subfield>
    <subfield code="z">DB0784</subfield>
  </datafield>
</record>
